000 00440nam a2200181Ia 4500
001 8899
005 20260306160644.0
008 260306t2016||||xx |||||||||||||| ||spa||
041 _aESP
082 _a371.9
_bN94
100 _aNúñez, Blanca
_eAUT
245 0 _aEl niño con discapacidad, la familia y su docente
260 _c2016
300 _a134 páginas :
_c22 cm.
650 _aGEN
654 _aCED
942 _cLIB
_dJUS
_fJUS
_2ddc
_n
999 _c8899
_d8899